Structural steels nitriding in low-pressure gas discharge; Fizika i Khimiya Obrabotki Materialov; № 3

Manylion Llyfryddiaeth
Parent link:Fizika i Khimiya Obrabotki Materialov
№ 3.— 2002.— P. 16-19
Awduron Eraill: Shchanin P. M., Goncharenko I. M., Grigor'ev S. V., Koval N. N. Nikolay Nikolaevich
Crynodeb:Structure, microhardness and tribological properties of the surface layers of structural medium-carbon steels 1045 and 4140 after ion nitriding in low-pressure arc discharge plasma have been studied. Nitriding process was carried out in the chamber without introduced hydrogen at pressure of 10-1 Pa. It was found that under the action of negative voltage applied to the specimen, accelerated ions formed near specimen surface destroy the surface oxide film and heat the specimens up to temperature sufficient high for diffusion. Oxygen partial pressure and ion current density values were established such that surface oxide film preventing nitriding process was not formed. Tribological properties of specimens nitriding in glow and arc discharges have been compared.
В фонде НТБ ТПУ отсутствует
Iaith:Saesneg
Cyhoeddwyd: 2002
Pynciau:
Fformat: Pennod Llyfr
KOHA link:https://koha.lib.tpu.ru/cgi-bin/koha/opac-detail.pl?biblionumber=602571

MARC

LEADER 00000naa0a2200000 4500
001 602571
005 20250304135410.0
035 |a (RuTPU)RU\TPU\tpu\28469 
035 |a RU\TPU\tpu\19605 
090 |a 602571 
100 |a 20160623d2001 k||y0rusy50 ba 
101 0 |a eng 
102 |a RU 
200 1 |a Structural steels nitriding in low-pressure gas discharge  |f P. M. Shchanin [et al.] 
330 |a Structure, microhardness and tribological properties of the surface layers of structural medium-carbon steels 1045 and 4140 after ion nitriding in low-pressure arc discharge plasma have been studied. Nitriding process was carried out in the chamber without introduced hydrogen at pressure of 10-1 Pa. It was found that under the action of negative voltage applied to the specimen, accelerated ions formed near specimen surface destroy the surface oxide film and heat the specimens up to temperature sufficient high for diffusion. Oxygen partial pressure and ion current density values were established such that surface oxide film preventing nitriding process was not formed. Tribological properties of specimens nitriding in glow and arc discharges have been compared. 
333 |a В фонде НТБ ТПУ отсутствует 
461 |t Fizika i Khimiya Obrabotki Materialov 
463 |t № 3  |v P. 16-19  |d 2002 
610 1 |a труды учёных ТПУ 
701 1 |a Shchanin  |b P. M. 
701 1 |a Goncharenko  |b I. M. 
701 1 |a Grigor'ev  |b S. V. 
701 1 |a Koval  |b N. N.  |c specialist in the field of electronics  |c Professor of Tomsk Polytechnic University, Doctor of technical sciences  |f 1948-  |g Nikolay Nikolaevich  |3 (RuTPU)RU\TPU\pers\34748 
801 1 |a RU  |b 63413507  |c 20110729 
801 2 |a RU  |b 63413507  |c 20160623  |g RCR 
942 |c CR